00273nam a2200109Ia 4500008004100000040001700041041001200058082001200070100001500082245002200097260004400119230917s9999||||xx |||||||||||||| ||und|| e144754aMAIN aEnglish aB J328J aDikshit, S 0aJawahar Lal Nehru aNew YorkbOxford University Pressc1989